000 00608 a2200193 4500
999 _c5924
_d5924
020 _a9780198096184 (pbk.)
020 _a0198096186 (pbk.)
050 0 0 _aT57.6YAD2014
100 1 _aYadav, S. R.,
_eauthor.
245 1 0 _aOperations research /
_cS.R. Yadav, A.K. Malik.
264 1 _aNew Delhi, India :
_bOxford University Press,
_c2014.
300 _axvi, 691 pages ;
500 _aincludes index
650 0 _aOperations research.
650 7 _aOperations research.
700 1 _aMalik, A. K.,
_eauthor.
942 _2lcc
_cBK
_h57.6
_iYAD
_kT